000 00548nam a2200145Ia 4500
008 191108s9999 xx 000 0 und d
020 _a978-971-98-0397-3
100 _aDiamante, Melva M.
245 _cMelva Diamante, Genevieve Ledesma-Tan .--
_aManaging human resources:
_bLocal and global perspectives (Outcomes-based Learning) /
260 _aQuezonn City :
_bC & E Publishing, Inc.
_c2015
300 _a440 pages :
_bblack & white illustrations
500 _aIncludes appendices and index.
650 _aHuman Resources
650 _aManagement
999 _c362516
_d362516